MDQL
is popping MORE tags! Check the
thread
!
Quizzes
Events
Quiz Creation
Community
Videos
Private Events
Remove Ads
Sign In
Join for FREE
Feedback
Dark Mode
Quiz Categories
Sports
Geography
Music
Movies
Television
Just For Fun
Miscellaneous
History
Literature
Language
Science
Gaming
Entertainment
Religion
Holiday
For Kids
Quiz Lab
Recent
Popular Today
Quiz Kudos Today
Editor Picks
Curator Picks
Quizzes by...
Day
Popularity
Type
Ratings
Length
Year
Community
Subscriptions
Recent Discussions
Orange Saloon
Badges
Playlists
Quests
Create
Leaderboards
Showdown
Live 5
Trivia Bingo
Activity
Puzzle Library
Sporcle Events
Private Events
Virtual Trivia
Globe League
Become a Host
Pub Owners
SporcleCon
Opinionation
Our Games
Videos
Blog
Mobile Apps
Partnerships
Remove Ads and Go Orange
Feedback
Movies
Disney
Marvel Cinematic Universe
Movie Resume
Movie Titles
Oscar
Actor
Actress
Director
Pixar
Role
Movie Quotes
Movie Characters
Box Office
Nominee
Best Picture
Star Wars
James Bond
Horror Movies
Movies
Disney
Marvel Cinematic Universe
Movie Resume
Movie Titles
Oscar
Actor
Actress
Director
Pixar
Role
Movie Quotes
Movie Characters
Box Office
Nominee
Best Picture
Star Wars
James Bond
Horror Movies
Random Quiz
Search Sporcle
×
Quiz Lab
Quiz Lab
Movies
Numbers
Type in answers that appear in a list
Type in answers that appear in a list
Classic
Best Score? Go Orange.
Most Movie F-Bombs Stats
Can you name the Most Movie F-Bombs?
By
alipidbilayer
5m
42 Questions
571 Plays
571 Plays
571 Plays
Comments
Comments
Give Quiz Kudos
Give Quiz Kudos
-
- Ratings
hide this ad
Replay
Link that replays current quiz
Next Quiz
Link to next quiz in quiz playlist
You Got
0%
They Got
Avg Score
3%
Avg Friend Score
Upgrade to see
Score Distribution
Jump to the score distribution portion of the page
Score
0/100
Timer
05:00
0
Plays Today
Number of F-Bombs
Movie Title
% Correct
265
Pulp Fiction
63.9%
300
Goodfellas
43.3%
269
Reservoir Dogs
30.9%
398
Casino
29.3%
237
The Departed
25.1%
207
Scarface
20.2%
260
The Big Lebowski
20%
824
F***
19.5%
239
The Boondock Saints
9.1%
248
Jay and Silent Bob Strike Back
8.2%
367
Alpha Dog
5.8%
428
Nil by Mouth
4.2%
435
Summer of Sam
2.6%
214
American History X
2.5%
315
Running Scared
2.1%
297
Narc
1.8%
296
Harsh Times
1.8%
234
True Romance
1.6%
278
Jarhead
1.4%
311
Martin Lawrence Live: Runteldat
1.2%
280
Dirty
1.2%
Number of F-Bombs
Movie Title
% Correct
291
Pride and Glory
1.1%
228
Menace II Society
1.1%
224
The Devil's Rejects
1.1%
219
Zack and Miri Make a Porno
1.1%
291
Made
0.7%
274
Bully
0.7%
271
State Property 2
0.7%
318
Twin Town
0.5%
291
Another Day in Paradise
0.5%
222
Suicide Kings
0.5%
223
Eddie Murphy Raw
0.4%
210
Layer Cake
0.4%
213
The Original Kings of Comdey
0.2%
203
Spun
0.2%
200
DysFunktional Family
0.2%
236
Empire
0%
230
My Name Is Joe
0%
230
State of Grace
0%
227
Gridlock'd
0%
215
Black and White
0%
210
Monument Ave.
0%
Quiz Playlist
Details
Report
Send in Message
Add To Playlist
Classic:
Type in answers that appear in a list
Quiz Source
Last Updated: Feb 19, 2019
Quiz Scoreboard
CHALLENGE
Sign Up to Join the Scoreboard
Show All
Scores
Hide
Comments
May contain spoilers
Recently Published
Street Fighter Characters
by Artimus82
Gaming
60s
9x9 Crossword: Cartoon Network
by jackfrog10
Miscellaneous
3m
College Basketball Coaching Resumes
by pancakes188
Sports
9m
More to Explore
Quiz From the Vault
Featured Blog Post
Where Did the Easter Bunny Come From?
hide this ad
You Might Also Like...
Tags
Numbers Quiz
bomb
Today's Top Quizzes in Movies
Browse Movies
hide this ad
Today's Top Quizzes in Numbers
Browse Numbers
Top Contributed Quizzes in Movies
1
Pick 5 Posters: Directed by Spielberg
2
7-to-1: Pixar Characters
3
Hidden Star Wars Character II
4
Pick 5 Posters: Lowest-Rated Spielberg
5
Sorting Actors
6
Sorting Actresses
7
Hidden Star Wars Character III
8
Pick 5 Posters: Directed by Scorsese
9
Hidden Star Wars Character IV
10
Pick 5 Posters: Star & Director
Explore More
Trending Topics
Crossword
Kpop
Harry Potter
Disney
NBA
Marvel
Anime
WWE
Song
Pokémon
NFL
Soccer
Country
Puzzle
The Office
hide this ad
More By:
alipidbilayer
Quiz
Plays
Rating
Category
Featured
Created
100 Most Challenged Books of the 90's
195
Literature
Oct 21, 2009
Go to Creator's Profile
Score Distribution
Quiz Creator Spotlight
alipidbilayer
Follow
Send a Message
Quizzes Created
-
Created Quiz Play Count
-
More By This Creator
Popular Quizzes Today
1
Find the US States - No Outlines Minefield
2
Find the Countries of Europe - No Outlines Minefield
3
The Countries of the World
4
Find the US States
5
Risky Map Clicking: Biggest States A-Z
6
US States
7
Popular People in 1961
8
Movies - When Are They Set?
More Movies Quizzes
2013 Movie Actresses - Level 2
Curator's Pick
Trending Quizzes
Risky Map Clicking: Least Populous States A-Z
Countries of the World: 200 Million BC
Billboard Blitz: Aretha Franklin
1-10 Letter G Words
Famous Russians: Author or Composer?
Recently Updated
Leaping Animals
pecheneg
Reality TV Shows (A-Z)
bhenderson79
Rickey Henderson's Hall of Fame Teammates
pecheneg
Champions League XIs: Arsenal
pecheneg
Quick Pick: Celebrities in WWE's Hall of Fame
aduchscher
A-Z Keypad Blitz II
pecheneg
Multiple Oscar Actors
pecheneg
Mystery Phrase Blitz: Oscar 'Best Actors'
pecheneg
F. Scott Fitzgerald Novels
LTH
Pick 3 Villains
ddd62291
Trending Topics
Marvel
Crossword
Disney
Anime
Kpop
NBA
Harry Potter
Pokémon
NFL
Puzzle
Song
WWE
Soccer
The Office
Country
Your Account Isn't Verified!
In order to create a playlist on Sporcle, you need to verify the email address you used during registration. Go to your
Sporcle Settings
to finish the process.
Report this User
Report this user for behavior that violates our
Community Guidelines
.
Details:
Send Report
Go to the Sporcle.com Mobile Site →
Comments